[Event "Zadrugar-Borac"]
[Site "?"]
[Date "2005.09.29"]
[Round "7.2"]
[White "Manolache, Marius"]
[Black "Spasov, Vasil"]
[Result "0-1"]
[WhiteElo "2462"]
[BlackElo "2551"]
[PlyCount "96"]
[EventDate "2005.09.29"]

1. d4 Nf6 2. c4 g6 3. Nc3 Bg7 4. Nf3 d6 5. Bg5 h6 6. Bh4 g5 7. Bg3 Nh5 8. e3 c5
9. dxc5 Nxg3 10. hxg3 dxc5 11. Qxd8+ Kxd8 12. O-O-O+ Nd7 13. Bd3 e6 14. g4 Ke7
15. Ne4 Nf6 16. Nxf6 Bxf6 17. Nd2 Bg7 18. Nb3 b6 19. Be4 Rb8 20. Bc6 Rd8 21.
Rxd8 Kxd8 22. Rd1+ Kc7 23. Be8 f5 24. gxf5 exf5 25. Bf7 Bd7 26. Bd5 h5 27. Rh1
h4 28. g3 hxg3 29. fxg3 Be5 30. Rh7 Re8 31. e4 fxe4 32. Nd2 e3 33. Ne4 Rd8 34.
g4 e2 35. Rxd7+ Kxd7 36. Kd2 Rh8 37. Kxe2 Rh2+ 38. Ke3 Rxb2 39. Nxg5 Rxa2 40.
Ke4 Re2+ 41. Kd3 Rb2 42. Bf3 Bf4 43. Ne4 Rb3+ 44. Ke2 a5 45. Nf6+ Kd6 46. g5
Bxg5 47. Ne4+ Ke7 48. Nxg5 a4 0-1

[Event "Borac-Zadrugar"]
[Site "?"]
[Date "2005.09.29"]
[Round "7.2"]
[White "Paunovic, Dragan"]
[Black "Sahovic, Dragutin"]
[Result "1-0"]
[WhiteElo "2503"]
[BlackElo "2279"]
[PlyCount "105"]
[EventDate "2005.09.29"]

1. Nf3 Nf6 2. c4 g6 3. g3 Bg7 4. Bg2 O-O 5. O-O d6 6. d4 Nc6 7. Nc3 e5 8. d5
Ne7 9. c5 Ne8 10. cxd6 cxd6 11. e4 h6 12. a4 f5 13. Nd2 f4 14. Nc4 Bd7 15. Bd2
g5 16. Rc1 Qb8 17. f3 b6 18. Qb3 Nc8 19. Na2 Kh8 20. Nb4 a6 21. Nc6 Qc7 22. Na3
Qb7 23. Rc3 Na7 24. Rfc1 Rc8 25. Nxa7 Rxc3 26. Rxc3 Qxa7 27. Be1 b5+ 28. Bf2
Qb8 29. axb5 axb5 30. Nc4 fxg3 31. hxg3 Rf7 32. Nb6 Nc7 33. Nxd7 Rxd7 34. Bh3
Rf7 35. Qc2 Bf8 36. Rc6 b4 37. Bg4 Nb5 38. Rc8 Qb7 39. Qc6 Kg7 40. Be6 Re7 41.
Bf5 Rf7 42. Kg2 Nd4 43. Qc4 Nxf5 44. exf5 b3 45. g4 Be7 46. Rc6 h5 47. Rb6 Qa8
48. Ra6 Qb7 49. Ra3 hxg4 50. fxg4 Bd8 51. Rxb3 Qa8 52. Rh3 Rc7 53. Qe4 {necitko
} 1-0

[Event "Zadrugar-Borac"]
[Site "?"]
[Date "2005.09.29"]
[Round "7.2"]
[White "Stamenkovic, Zoran"]
[Black "Vratonjic, Slobo"]
[Result "1/2-1/2"]
[WhiteElo "2421"]
[BlackElo "2455"]
[PlyCount "87"]
[EventDate "2005.09.29"]

1. d4 Nf6 2. c4 e6 3. g3 c5 4. d5 exd5 5. cxd5 d6 6. Nc3 g6 7. Bg2 Bg7 8. Nf3
O-O 9. O-O Re8 10. Nd2 b6 11. h3 Nbd7 12. Re1 Ba6 13. a4 Qc7 14. Qc2 Ne5 15.
Nf3 Nxf3+ 16. Bxf3 Nd7 17. Bf4 Ne5 18. Bg2 f5 19. Rad1 Bc8 20. e4 a6 21. exf5
Bxf5 22. Ne4 b5 23. g4 Bxe4 24. Rxe4 Qf7 25. Rde1 c4 26. b3 Nd3 27. Rxe8+ Rxe8
28. Rxe8+ Qxe8 29. Bxd6 Qe1+ 30. Bf1 Bd4 31. bxc4 Nxf2 32. Kg2 Ne4 33. Bf4 g5
34. Bh2 Nd2 35. Qf5 Qxf1+ 36. Qxf1 Nxf1 37. axb5 axb5 38. Kxf1 bxc4 39. Ke2 Kf7
40. Kf3 Ke7 41. Ke4 Bh8 42. Bg3 Kd7 43. Bh2 h6 44. Bg3 1/2-1/2

[Event "Borac-Zadrugar"]
[Site "?"]
[Date "2005.09.29"]
[Round "7.2"]
[White "Narandzic, Vlado"]
[Black "Sekulic, Dusan"]
[Result "0-1"]
[WhiteElo "2346"]
[BlackElo "2366"]
[PlyCount "80"]
[EventDate "2005.09.29"]

1. Nf3 Nf6 2. g3 d6 3. Bg2 e5 4. d3 g6 5. c3 Bg7 6. O-O O-O 7. e4 c5 8. Re1 Nc6
9. a4 h6 10. Nbd2 Re8 11. Nc4 Be6 12. h3 Qc7 13. Nfd2 d5 14. exd5 Bxd5 15. Bf1
Rad8 16. Qb3 Nd7 17. a5 a6 18. Bg2 Bxg2 19. Kxg2 Nf8 20. Ne4 Ne6 21. Be3 Rxd3
22. Bxc5 f5 23. Ncd6 fxe4 24. Nxe8 Qf7 25. Qb6 Qxe8 26. Be3 Qf7 27. Kg1 Qd7 28.
Ra4 Ncd4 29. cxd4 exd4 30. Bxh6 Bxh6 31. Rxe4 Kf7 32. Rb4 Rd1+ 33. Kg2 Rc1 34.
Qxb7 Rc7 35. Qxa6 Ng5 36. Rf4+ Kg7 37. Qf6+ Kh7 38. g4 Qd5+ 39. Kg3 Qh1 40.
Rfxd4 Qxh3+ 0-1

[Event "Zadrugar-Borac"]
[Site "?"]
[Date "2005.09.29"]
[Round "7.2"]
[White "Trifunovic, Miroljub"]
[Black "Radovanovic, Dusan"]
[Result "1/2-1/2"]
[WhiteElo "2265"]
[BlackElo "2368"]
[PlyCount "222"]
[EventDate "2005.09.29"]

1. e4 c5 2. d3 Nc6 3. g3 g6 4. Bg2 Bg7 5. f4 e6 6. c3 Nge7 7. Be3 d6 8. Nf3 O-O
9. O-O b6 10. Na3 Rb8 11. d4 cxd4 12. Nxd4 Nxd4 13. Bxd4 e5 14. Be3 Be6 15. Rf2
Qd7 16. Rd2 Rfd8 17. Qf1 b5 18. Qf2 b4 19. cxb4 exf4 20. gxf4 Rxb4 21. Rad1 Bg4
22. Re1 Ra4 23. e5 d5 24. Bc5 Bh6 25. Bd4 Be6 26. Nb1 Rxa2 27. Nc3 Ra5 28. Red1
Rc8 29. b4 Ra3 30. Nb1 Rb3 31. Bc5 Bh3 32. Bxh3 Rxh3 33. Kh1 Rd8 34. Qg2 Rb3
35. Rd4 Qe6 36. Nd2 Rb2 37. Bxe7 Qxe7 38. Qh3 Bg7 39. Qc3 Ra2 40. Qb3 Ra6 41.
Ne4 h6 42. Nc3 Rb6 43. Nxd5 Rxd5 44. Qxd5 Rxb4 45. Qd8+ Qxd8 46. Rxd8+ Kh7 47.
R1d4 Rxd4 48. Rxd4 g5 49. Rd7 Kg8 50. Rxa7 gxf4 51. Ra5 Kh7 52. Kg2 Kg6 53. Kf3
Kf5 54. e6+ Kxe6 55. Kxf4 Ke7 56. Kf5 Kf8 57. Ra8+ Ke7 58. Rg8 Bc3 59. h3 Bd4
60. Rg4 Bb2 61. Rb4 Bc3 62. Rb6 Bg7 63. Ke4 Kf8 64. Rb7 Bc3 65. Kd5 Kg7 66. Rc7
Bb2 67. Rc2 Bf6 68. Rg2+ Kf8 69. Kd6 Bg5 70. Kd7 Bf6 71. Ra2 Bg5 72. Ra5 Bf6
73. Ra8+ Kg7 74. Ke8 Bg5 75. Ra7 Kg6 76. Rxf7 Kh5 77. Rf3 Kh4 78. Kf7 Bd2 79.
Kg6 Bg5 80. Kf7 Bd2 81. Kg6 Be1 82. Rf1 Bd2 83. Rh1 Bg5 84. Kf5 Kg3 85. Ke4 Kg2
86. Rb1 Kxh3 87. Kf3 Kh2 88. Re1 Bd8 89. Kg4 Bb6 90. Re6 h5+ 91. Kxh5 Bg1 92.
Kg4 Kh1 93. Re2 Bh2 94. Kh3 Bg1 95. Kg3 Bc5 96. Re1+ Bg1 97. Kf3 Kh2 98. Re2+
Kh1 99. Kg3 Bc5 100. Re6 Bd4 101. Re8 Bb6 102. Re7 Bc5 103. Rd7 Bb6 104. Rh7+
Kg1 105. Rb7 Bf2+ 106. Kf3 Bc5 107. Rb5 Bd4 108. Rg5+ Kh1 109. Kg3 Bb6 110. Rg7
Bc5 111. Rd7 Bb6 1/2-1/2

[Event "Borac-Zadrugar"]
[Site "?"]
[Date "2005.09.29"]
[Round "7.2"]
[White "Pavlovic, Dejan"]
[Black "Ljubisavljevic, Zivojin"]
[Result "0-1"]
[WhiteElo "2366"]
[BlackElo "2261"]
[PlyCount "106"]
[EventDate "2005.09.29"]

1. e4 g6 2. d4 Bg7 3. Nc3 d6 4. f4 Nf6 5. Nf3 Bg4 6. Be3 O-O 7. h3 Bxf3 8. Qxf3
c6 9. Bd3 Qa5 10. O-O Na6 11. a3 Qc7 12. e5 Nd7 13. b4 Qd8 14. Ne4 Nc7 15. exd6
exd6 16. Nxd6 Nd5 17. Bf2 Qc7 18. c4 Qxd6 19. cxd5 Qxd5 20. Qxd5 cxd5 21. Rac1
Rfc8 22. g4 Nb6 23. Rfe1 Bf8 24. Kg2 Bd6 25. f5 Nc4 26. Bxc4 Rxc4 27. Rxc4 dxc4
28. Bg3 Bxg3 29. Kxg3 gxf5 30. gxf5 Kg7 31. Kf4 Kf6 32. Rc1 Rc8 33. b5 c3 34.
Rc2 a6 35. bxa6 bxa6 36. Ke4 h5 37. h4 a5 38. Kf4 Rc6 39. Ke4 Rc7 40. Kf4 Rc8
41. Ke4 a4 42. Kf4 Rg8 43. Ke4 Rg3 44. Rf2 Rh3 45. Kd5 Rxh4 46. Kc4 Rh3 47. d5
Ke5 48. Kc5 Rd3 49. Re2+ Kxf5 50. d6 Rd2 51. Re3 c2 52. Rc3 Ke6 53. Kb5 h4 0-1

[Event "Telekom-VSKSvNikolaj"]
[Site "?"]
[Date "2005.09.29"]
[Round "7.3"]
[White "Pavlovic, Nebojsa"]
[Black "Iordachescu, Viorel"]
[Result "1/2-1/2"]
[WhiteElo "2313"]
[BlackElo "2606"]
[PlyCount "67"]
[EventDate "2005.09.29"]

1. e4 g6 2. d4 Bg7 3. Nf3 d6 4. Nc3 c6 5. a4 Nf6 6. Be2 O-O 7. O-O a5 8. Be3
Na6 9. Nd2 Nb4 10. f4 b6 11. Bf3 Ba6 12. Rf2 c5 13. Nb3 Rc8 14. Rd2 Nd7 15.
dxc5 bxc5 16. e5 Nb6 17. Nxa5 d5 18. Ne2 d4 19. Nxd4 cxd4 20. Rxd4 N6d5 21.
Bxd5 Qxa5 22. Qd2 Rfd8 23. Be4 Rxd4 24. Bxd4 f5 25. exf6 Bxf6 26. Bxf6 exf6 27.
c3 f5 28. cxb4 Qb6+ 29. Qf2 Qxf2+ 30. Kxf2 fxe4 31. b5 Bb7 32. Ke3 Kf7 33. Rd1
Ke6 34. a5 1/2-1/2

[Event "VSKSvNikolaj-Telekom"]
[Site "?"]
[Date "2005.09.29"]
[Round "7.3"]
[White "Stojanovic, Mihajlo"]
[Black "Runic, Zoran"]
[Result "1-0"]
[WhiteElo "2519"]
[BlackElo "2413"]
[PlyCount "73"]
[EventDate "2005.09.29"]

1. Nf3 d6 2. d4 c6 3. c4 Bg4 4. e4 Nd7 5. Nc3 e5 6. Be2 Bxf3 7. Bxf3 Qb6 8. d5
Ne7 9. O-O Ng6 10. a3 Be7 11. Be3 Qc7 12. g3 O-O 13. b4 c5 14. Qb3 a6 15. Bg4
cxb4 16. axb4 Nb6 17. Bxb6 Qxb6 18. Na4 Qa7 19. Qe3 Qxe3 20. fxe3 Bd8 21. c5
Bc7 22. Nb6 Rad8 23. Nd7 Rfe8 24. c6 bxc6 25. dxc6 Ra8 26. Be2 a5 27. b5 Re7
28. Rab1 Rxd7 29. cxd7 Bb6 30. Bc4 Nh8 31. Rfd1 Kf8 32. Rxd6 Bxe3+ 33. Kf1 Ke7
34. Rd5 Ng6 35. b6 Kd8 36. b7 Rb8 37. Ke2 1-0

[Event "VSKSvNikolaj-Telekom"]
[Site "?"]
[Date "2005.09.29"]
[Round "7.3"]
[White "Kostic, Vladimir"]
[Black "Adzic, Momcilo"]
[Result "1/2-1/2"]
[WhiteElo "2439"]
[BlackElo "2240"]
[PlyCount "50"]
[EventDate "2005.09.29"]

1. Nf3 Nf6 2. c4 e6 3. g3 b6 4. Bg2 Bb7 5. O-O Be7 6. b3 O-O 7. Bb2 c5 8. d4
cxd4 9. Qxd4 d5 10. cxd5 Qxd5 11. Nc3 Qxd4 12. Nxd4 Bxg2 13. Kxg2 Rc8 14. Rac1
Nbd7 15. Rfd1 a6 16. Nb1 Bc5 17. Nd2 b5 18. N2f3 h6 19. a3 Nd5 20. Nf5 Bf8 21.
N5d4 Bc5 22. e4 N5f6 23. Ne2 Be7 24. Nd2 Nc5 25. e5 Nd5 1/2-1/2

[Event "Telekom-VSKSvNikolaj"]
[Site "?"]
[Date "2005.09.29"]
[Round "7.3"]
[White "Draskovic, Dragan"]
[Black "Lajthajm, Borko"]
[Result "0-1"]
[WhiteElo "2173"]
[BlackElo "2455"]
[PlyCount "86"]
[EventDate "2005.09.29"]

1. d4 Nf6 2. c4 e6 3. Nf3 d5 4. e3 Nbd7 5. Bd3 a6 6. O-O dxc4 7. Bxc4 b5 8. Bd3
Bb7 9. b3 c5 10. Bb2 Bd6 11. Nbd2 O-O 12. Rc1 Qb8 13. dxc5 Nxc5 14. Bb1 Ncd7
15. h3 Rd8 16. Qc2 Ne5 17. Nxe5 Bxe5 18. Rfd1 g6 19. Bxe5 Qxe5 20. Nf1 Rxd1 21.
Qxd1 Nd5 22. Qd2 b4 23. Bd3 Nc3 24. Bc4 Qg5 25. f4 Qc5 26. Rc2 Be4 27. Rb2 Qb6
28. Qd7 Rd8 29. Qe7 a5 30. Kh2 Rd1 31. Rf2 Bb1 32. g4 Qd8 33. Qa7 Ne4 34. Rg2
g5 35. f5 Qd6+ 36. Kg1 Bd3 37. Bxd3 Qxd3 38. Kh2 Qd6+ 39. Ng3 Nxg3 40. Qa8+ Kg7
41. f6+ Kxf6 42. Rf2+ Nf5+ 43. Kg2 Qg3# 0-1

[Event "VSKSvNikolaj-Telekom"]
[Site "?"]
[Date "2005.09.29"]
[Round "7.3"]
[White "Bozic, Milan"]
[Black "Rasic, Goran"]
[Result "1/2-1/2"]
[WhiteElo "2173"]
[BlackElo "2455"]
[PlyCount "37"]
[EventDate "2005.09.29"]

1. e4 c5 2. Nf3 Nc6 3. Bb5 g6 4. O-O Bg7 5. Re1 Nf6 6. h3 O-O 7. Nc3 d6 8. d3
e5 9. Bg5 Be6 10. Bxc6 bxc6 11. b3 h6 12. Be3 Nh5 13. Na4 Qe8 14. Qd2 g5 15. c3
f5 16. exf5 Rxf5 17. Nh2 Nf4 18. d4 cxd4 19. cxd4 1/2-1/2

[Event "Ribnica-Jastrebac"]
[Site "?"]
[Date "2005.09.29"]
[Round "7.4"]
[White "Vencl, Radivoje"]
[Black "Kukov, Velislav"]
[Result "1/2-1/2"]
[WhiteElo "2300"]
[BlackElo "2258"]
[PlyCount "37"]
[EventDate "2005.09.29"]

1. e4 c6 2. f4 d5 3. e5 Bf5 4. Nf3 e6 5. d4 c5 6. Be3 Qb6 7. b3 Nc6 8. c3 Nh6
9. h3 Be4 10. Bd3 Nf5 11. Bf2 cxd4 12. Nxd4 Bc5 13. O-O Ncxd4 14. cxd4 Bxd4 15.
Nc3 Bxd3 16. Qxd3 Bxf2+ 17. Rxf2 Ke7 18. Na4 Qa5 19. Rc1 1/2-1/2

[Event "Jastrebac-Ribnica"]
[Site "?"]
[Date "2005.09.29"]
[Round "7.4"]
[White "Zafirovski, Mite"]
[Black "Miletic, Slobodan"]
[Result "1/2-1/2"]
[WhiteElo "2292"]
[BlackElo "2138"]
[PlyCount "73"]
[EventDate "2005.09.29"]

1. d4 Nf6 2. c4 e6 3. g3 d5 4. Bg2 Be7 5. Nf3 O-O 6. O-O c6 7. Qc2 Nbd7 8. Rd1
Re8 9. b3 Bd6 10. Bb2 Qc7 11. c5 Bf8 12. Nbd2 g6 13. b4 Bg7 14. a3 h5 15. Re1
Ng4 16. e4 dxe4 17. Nxe4 Ndf6 18. Nd6 Rd8 19. h3 Nh6 20. Ne5 Nf5 21. Nec4 Bd7
22. Nxf5 exf5 23. Ne5 Be6 24. Nxg6 fxg6 25. Rxe6 Qd7 26. Re2 Re8 27. Rae1 Rxe2
28. Rxe2 Re8 29. Rxe8+ Qxe8 30. Qd2 Qe6 31. b5 Ne4 32. Bxe4 Qxe4 33. a4 h4 34.
Bc3 hxg3 35. fxg3 Qf3 36. Qe1 Qd3 37. Kg2 1/2-1/2

[Event "Ribnica-Jastrebac"]
[Site "?"]
[Date "2005.09.29"]
[Round "7.4"]
[White "Palosevic, Abida"]
[Black "Djordjevic, Nebojsa"]
[Result "1/2-1/2"]
[WhiteElo "2217"]
[BlackElo "2266"]
[PlyCount "172"]
[EventDate "2005.09.29"]

1. d4 Nf6 2. Nf3 g6 3. c4 d6 4. Nc3 Bg7 5. e4 O-O 6. Be2 c6 7. O-O Nbd7 8. Qc2
e5 9. Rd1 Qc7 10. Be3 Ng4 11. Bg5 Ngf6 12. h3 h6 13. Be3 Re8 14. d5 c5 15. Rab1
Nf8 16. a3 Nh5 17. Qd2 Kh7 18. Ne1 Nf6 19. b4 b6 20. Nd3 Bd7 21. Rdc1 Red8 22.
bxc5 dxc5 23. f4 Ng8 24. fxe5 Bxe5 25. Nxe5 Qxe5 26. Bf4 Qe8 27. Bf3 g5 28. Bg3
Ng6 29. Rf1 Ne5 30. Bh5 Nxc4 31. Qf2 Ne5 32. Bxf7 Qe7 33. Bxg8+ Rxg8 34. Qf6
Rae8 35. Qxe7+ Rxe7 36. d6 Re6 37. Nd5 Kg7 38. Nc7 Nc6 39. Nxe6+ Bxe6 40. e5
Re8 41. Rbd1 Bd7 42. Rde1 Nd8 43. Rf6 Nc6 44. Ref1 Nd8 45. h4 Be6 46. Rd1 Bg4
47. d7 Re6 48. Rd6 Rxd6 49. Rxd6 Be6 50. Rd1 Kf7 51. Rf1+ Ke7 52. Rf6 gxh4 53.
Bxh4 Kxd7 54. Rxh6 Nf7 55. Rh7 Kc6 56. Kf2 b5 57. Ke3 Nxe5 58. Rxa7 Kd5 59. Be1
Nc6 60. Rb7 Nd4 61. Kd2 Kc4 62. Bf2 Bd5 63. Rg7 Be6 64. g4 b4 65. Bxd4 Kxd4 66.
axb4 cxb4 67. Rb7 b3 68. Rb4+ Ke5 69. Ke3 Bf7 70. Kf3 Kd6 71. Ke4 Kc5 72. Rb8
Bg6+ 73. Ke3 Bc2 74. Kd2 Kd6 75. Re8 Bg6 76. Rb8 Bc2 77. Rf8 Ke7 78. Rf1 Ke8
79. Kc3 Ke7 80. g5 Ke6 81. Rf2 Bd1 82. Rb2 Kf7 83. Kd4 Kg7 84. Ke5 Bc2 85. Kf4
Kf7 86. Kg4 Bd1+ 1/2-1/2

[Event "Ribnica-Jastrebac"]
[Site "?"]
[Date "2005.09.29"]
[Round "7.4"]
[White "Nesic, Dragisa"]
[Black "Jovanovic, Dragan"]
[Result "1/2-1/2"]
[WhiteElo "2068"]
[BlackElo "2101"]
[PlyCount "36"]
[EventDate "2005.09.29"]

1. Nf3 Nf6 2. d4 d5 3. g3 e6 4. Bg2 Be7 5. O-O O-O 6. c4 c6 7. b3 Nbd7 8. Bb2
b6 9. Nc3 Bb7 10. Nd2 Rc8 11. e4 dxe4 12. Ndxe4 Nxe4 13. Nxe4 Nf6 14. Rc1 Qd7
15. Qe2 Rfd8 16. Rfd1 Qc7 17. Rc2 Rd7 18. Rcd2 Rcd8 1/2-1/2

[Event "Sloga-Jasenice"]
[Site "?"]
[Date "2005.09.29"]
[Round "7.5"]
[White "Markovic, Zoran"]
[Black "Vajda, Albert"]
[Result "1/2-1/2"]
[WhiteElo "2370"]
[BlackElo "2439"]
[PlyCount "28"]
[EventDate "2005.09.29"]

1. e4 c6 2. d4 d5 3. e5 Bf5 4. Nc3 a6 5. h4 c5 6. dxc5 d4 7. Nce2 Nc6 8. Nf3
Bg4 9. Nexd4 Nxe5 10. Be2 Nxf3+ 11. Bxf3 Bxf3 12. Nxf3 Qa5+ 13. c3 Qxc5 14. Qb3
Qc8 1/2-1/2

[Event " Jasenice-Sloga"]
[Site "?"]
[Date "2005.09.29"]
[Round "7.5"]
[White "Djoric, Dusan"]
[Black "Organdzijev, Oliver"]
[Result "1/2-1/2"]
[WhiteElo "2316"]
[BlackElo "2326"]
[PlyCount "47"]
[EventDate "2005.09.29"]

1. Nf3 d5 2. c4 c6 3. b3 Bf5 4. Bb2 e6 5. g3 Nd7 6. Bg2 Ngf6 7. O-O Be7 8. d3
O-O 9. Nbd2 a5 10. a3 h6 11. Bc3 Bh7 12. b4 a4 13. Qc1 Ne8 14. e4 Bf6 15. Qb2
Bxc3 16. Qxc3 Nd6 17. Rfe1 Rc8 18. Qc2 b5 19. c5 Ne8 20. exd5 exd5 21. Qc3 Ndf6
22. Qd4 Qc7 23. Re3 Rd8 24. Rc1 1/2-1/2

[Event "Sloga-Jasenice"]
[Site "?"]
[Date "2005.09.29"]
[Round "7.5"]
[White "Panic, Nenad"]
[Black "Milosevic, Slavisa"]
[Result "1/2-1/2"]
[WhiteElo "2314"]
[BlackElo "2291"]
[PlyCount "31"]
[EventDate "2005.09.29"]

1. e4 d6 2. d4 Nf6 3. Nc3 e5 4. Nf3 Nbd7 5. Bc4 Be7 6. O-O O-O 7. Re1 c6 8. a4
Qc7 9. a5 Rb8 10. Ng5 b5 11. axb6 axb6 12. d5 b5 13. Bd3 b4 14. dxc6 bxc3 15.
cxd7 Bxd7 16. b3 1/2-1/2

[Event " Jasenice-Sloga"]
[Site "?"]
[Date "2005.09.29"]
[Round "7.5"]
[White "Stankovic, Dragan"]
[Black "Jovic, Stanoje"]
[Result "1/2-1/2"]
[WhiteElo "2332"]
[BlackElo "2327"]
[PlyCount "39"]
[EventDate "2005.09.29"]

1. g3 d5 2. Bg2 c6 3. d3 g6 4. Nd2 Bg7 5. Ngf3 e5 6. O-O Ne7 7. e4 O-O 8. Re1
d4 9. Nc4 Bg4 10. h3 Bxf3 11. Bxf3 b5 12. Nd2 a5 13. Bg2 a4 14. f4 Nd7 15. Nf3
c5 16. Nh2 Ra6 17. Qf3 f5 18. exf5 gxf5 19. fxe5 Nxe5 20. Qh5 1/2-1/2

[Event "Sloga-Jasenice"]
[Site "?"]
[Date "2005.09.29"]
[Round "7.5"]
[White "Djokic, Nebojsa"]
[Black "Rihterovic, Milan"]
[Result "1/2-1/2"]
[WhiteElo "2236"]
[BlackElo "2249"]
[PlyCount "23"]
[EventDate "2005.09.29"]

1. e4 c5 2. Nf3 Nc6 3. d4 cxd4 4. Nxd4 Nf6 5. Nc3 d6 6. Bg5 e6 7. Qd2 Be7 8. f3
O-O 9. O-O-O a6 10. g4 Qc7 11. h4 Ne5 12. Kb1 1/2-1/2

[Event "Jastrebac-Sloga"]
[Site "?"]
[Date "2005.09.30"]
[Round "8.1"]
[White "Kukov, Velislav"]
[Black "Markovic, Zoran"]
[Result "1/2-1/2"]
[WhiteElo "2258"]
[BlackElo "2370"]
[PlyCount "55"]
[EventDate "2005.09.29"]

1. Nf3 d5 2. c4 e6 3. g3 Nf6 4. Bg2 Be7 5. O-O O-O 6. Qc2 c5 7. cxd5 Nxd5 8.
Nc3 Nc6 9. Nxd5 exd5 10. d4 cxd4 11. b3 Bf6 12. Bb2 Qb6 13. h3 d3 14. exd3 Nb4
15. Qd2 Bxb2 16. Qxb2 Nxd3 17. Qd2 Nb4 18. a3 Nc6 19. Qxd5 Be6 20. Qh5 Qxb3 21.
Rab1 Qxa3 22. Ng5 Bf5 23. Rxb7 Bg6 24. Qg4 Qa6 25. Qd7 h6 26. Qxc6 Qxc6 27.
Bxc6 hxg5 28. Ra1 1/2-1/2

[Event "Jastrebac-Sloga"]
[Site "?"]
[Date "2005.09.30"]
[Round "8.1"]
[White "Djordjevic, Nebojsa"]
[Black "Panic, Nenad"]
[Result "0-1"]
[WhiteElo "2266"]
[BlackElo "2314"]
[PlyCount "96"]
[EventDate "2005.09.29"]

1. d4 Nf6 2. c4 e6 3. Nf3 b6 4. e3 Bb7 5. Be2 c5 6. O-O Be7 7. b3 O-O 8. Bb2
cxd4 9. Nxd4 d6 10. Bf3 Qc8 11. Bxb7 Qxb7 12. Qf3 Qxf3 13. gxf3 Rc8 14. Nc3
Nbd7 15. Rfd1 a6 16. Rac1 Rab8 17. f4 g6 18. Kg2 Nh5 19. Ne4 Nc5 20. Nxc5 bxc5
21. Ne2 Rc6 22. Rc2 Nf6 23. Kf3 Nd7 24. Rcd2 f5 25. h3 Kf7 26. Bc3 Nf6 27. Bxf6
Kxf6 28. Nc3 Kf7 29. Rd3 Bf6 30. Na4 Ke7 31. Ke2 h6 32. Nc3 g5 33. fxg5 hxg5
34. Kf3 Rh8 35. Kg2 Be5 36. Ne2 Rh4 37. Rh1 Rc8 38. Ng1 Bf6 39. Nf3 Rh7 40.
Rhd1 Rd8 41. Nd2 Rdh8 42. e4 g4 43. hxg4 Rh2+ 44. Kf3 fxg4+ 45. Ke2 Bd4 46. Rf1
Rf8 47. Rg3 Bxf2 48. Rxg4 Bd4+ 0-1

[Event "Sloga-Jastrebac"]
[Site "?"]
[Date "2005.09.30"]
[Round "8.1"]
[White "Jovic, Stanoje"]
[Black "Milutinovic, Zoran"]
[Result "1/2-1/2"]
[WhiteElo "2327"]
[BlackElo "2171"]
[PlyCount "51"]
[EventDate "2005.09.29"]

1. c4 e6 2. Nf3 d5 3. b3 Nf6 4. Bb2 Be7 5. e3 O-O 6. Be2 b6 7. O-O Bb7 8. d3
Nbd7 9. Nbd2 c5 10. Rc1 Rc8 11. Rc2 Rc7 12. Qa1 Qa8 13. cxd5 Bxd5 14. Nc4 Rd8
15. Rd1 Bf8 16. Ne1 Qb7 17. Bf3 Bxf3 18. Nxf3 Nd5 19. a3 h6 20. Rcd2 b5 21.
Nce5 Nxe5 22. Bxe5 Rcd7 23. Bb2 a6 24. d4 cxd4 25. Bxd4 Nc7 26. Bc3 1/2-1/2

[Event "Jastrebac-Sloga"]
[Site "?"]
[Date "2005.09.30"]
[Round "8.1"]
[White "Jovanovic, Dragan"]
[Black "Djokic, Nebojsa"]
[Result "1/2-1/2"]
[WhiteElo "2101"]
[BlackElo "2236"]
[PlyCount "133"]
[EventDate "2005.09.29"]

1. e4 c5 2. Nc3 Nc6 3. Nf3 e5 4. d3 Be7 5. Be2 d6 6. O-O Nf6 7. Bg5 O-O 8. h3
h6 9. Bh4 g5 10. Bg3 Nh5 11. Nh2 Nf4 12. Bg4 Be6 13. Bxf4 exf4 14. Nd5 Ne5 15.
c3 Bxd5 16. exd5 Nxg4 17. hxg4 Qd7 18. Re1 Rae8 19. Re4 Bf6 20. Qe2 Re7 21. Re1
Rfe8 22. Qc2 b6 23. c4 Be5 24. Qe2 b5 25. b3 Kf8 26. Qf3 b4 27. Qe2 a5 28. Qd1
Kg7 29. Qe2 a4 30. Qc2 axb3 31. axb3 Kf8 32. Qe2 f6 33. Qa2 Qa7 34. Qc2 Ra8 35.
Nf3 Qa2 36. Qxa2 Rxa2 37. d4 cxd4 38. Nxd4 Bxd4 39. Rxe7 Bxf2+ 40. Kf1 Bxe1 41.
Rxe1 Rb2 42. Re6 Rxb3 43. Rxd6 Rc3 44. Rxf6+ Ke7 45. Rc6 b3 46. Rb6 Kd7 47. Ke2
Rxc4 48. Rxb3 Rc2+ 49. Kf1 Kd6 50. Rb6+ Kxd5 51. Rxh6 Rc1+ 52. Kf2 Rc2+ 53. Kf1
Rc6 54. Rxc6 Kxc6 55. g3 fxg3 56. Kg2 Kd5 57. Kxg3 Ke4 58. Kf2 Kf4 59. Kg1 Kg3
60. Kf1 Kh4 61. Kg1 Kxg4 62. Kg2 Kh4 63. Kh2 g4 64. Kg2 g3 65. Kg1 Kg4 66. Kg2
Kf4 67. Kg1 1/2-1/2

[Event "Sloga-Jastrebac"]
[Site "?"]
[Date "2005.09.30"]
[Round "8.1"]
[White "Zivkovic, Momcilo"]
[Black "Rilak, Slavoljub"]
[Result "1/2-1/2"]
[WhiteElo "2148"]
[BlackElo "2055"]
[PlyCount "66"]
[EventDate "2005.09.29"]

1. e4 c5 2. Nf3 Nc6 3. d4 cxd4 4. Nxd4 Nf6 5. Nc3 e5 6. Ndb5 d6 7. Bg5 a6 8.
Na3 b5 9. Bxf6 gxf6 10. Nd5 f5 11. Bd3 f4 12. Qh5 Be6 13. c3 Bg7 14. Nc2 O-O
15. g3 f5 16. gxf4 Bxd5 17. exd5 Ne7 18. fxe5 dxe5 19. O-O-O e4 20. Be2 Qd6 21.
Kb1 b4 22. Nxb4 Rab8 23. Bc4 Kh8 24. Rhg1 a5 25. Rxg7 Kxg7 26. Qg5+ Kh8 27. Nc2
Ng6 28. h4 Ne5 29. Bb3 Nd3 30. Qe3 Qf6 31. Ne1 a4 32. Nxd3 axb3 33. Nc5 bxa2+
1/2-1/2

[Event "VSKSvNikolaj-Ribnica"]
[Site "?"]
[Date "2005.09.30"]
[Round "8.2"]
[White "Iordachescu, Viorel"]
[Black "Vencl, Radivoje"]
[Result "1-0"]
[WhiteElo "2606"]
[BlackElo "2300"]
[PlyCount "167"]
[EventDate "2005.09.29"]

1. c4 Nf6 2. Nc3 c6 3. d4 d5 4. Nf3 Bf5 5. Qb3 Qb6 6. c5 Qc7 7. Bf4 Qc8 8. Qa4
Nbd7 9. b4 a6 10. h3 e6 11. e3 Be7 12. Be2 Ne4 13. Qb3 Nxc3 14. Qxc3 Be4 15.
Nd2 Bg6 16. O-O f6 17. a4 O-O 18. Bg4 Bf7 19. Nb3 h5 20. Be2 e5 21. Bh2 Bd8 22.
b5 Bc7 23. b6 Bd8 24. Bd3 e4 25. Bb1 f5 26. f3 Be6 27. Ra2 Nf6 28. Qe1 Qd7 29.
Be5 Nh7 30. Na5 h4 31. Rb2 Rc8 32. f4 Bf7 33. Bc7 Bxc7 34. bxc7 Rxc7 35. Qxh4
Be6 36. Bc2 Qf7 37. Bd1 Bc8 38. Nb3 Qf6 39. Qxf6 Nxf6 40. Be2 g6 41. Rfb1 Rff7
42. Kf2 Rh7 43. Bf1 Kf8 44. Nc1 Ke8 45. Ne2 Rcg7 46. Nc3 Kd8 47. Nd1 Rh8 48.
Nc3 Rhh7 49. Be2 Rh8 50. Rg1 Rh4 51. Bf1 Rh8 52. Ke1 Kc7 53. Nd1 Rgh7 54. g3
Kd7 55. a5 Kc7 56. Nf2 Bd7 57. Be2 Bc8 58. Rb1 Be6 59. Kd2 Bc8 60. Rg2 Bd7 61.
Rbg1 Bc8 62. Ke1 Bd7 63. Kf1 Bc8 64. g4 fxg4 65. hxg4 Ng8 66. Rg3 Ne7 67. Ke1
Bd7 68. Bf1 Bc8 69. Rh3 Kd8 70. Rxh7 Rxh7 71. Bh3 Ke8 72. Kf1 Kd8 73. Kg2 Kc7
74. Kg3 Kd7 75. Bf1 Ng8 76. Nh3 Nf6 77. Ng5 Rh8 78. Be2 Kc7 79. Nf7 Rg8 80. Rh1
Rg7 81. Ne5 Nd7 82. Rh8 Nxe5 83. dxe5 Be6 84. Rf8 1-0

[Event "Ribnica-VSKSvNikolaj"]
[Site "?"]
[Date "2005.09.30"]
[Round "8.2"]
[White "Miletic, Slobodan"]
[Black "Stojanovic, Mihajlo"]
[Result "0-1"]
[WhiteElo "2138"]
[BlackElo "2519"]
[PlyCount "80"]
[EventDate "2005.09.29"]

1. e4 e6 2. d3 d5 3. Nd2 Nf6 4. Ngf3 c5 5. g3 Nc6 6. Bg2 Be7 7. O-O b5 8. Re1
O-O 9. a4 b4 10. b3 a5 11. Bb2 Ba6 12. Qe2 Nd7 13. h4 Bf6 14. e5 Be7 15. Qe3
Rc8 16. Nf1 Qb6 17. Rad1 Rc7 18. Qf4 c4 19. d4 Rfc8 20. Ne3 Nd8 21. Bh3 Qb7 22.
Ng5 Nf8 23. Bg4 cxb3 24. cxb3 Rc3 25. Bxc3 bxc3 26. Rc1 Ba3 27. Bh5 Bd3 28. Ng4
Bxc1 29. Rxc1 Bf5 30. Nf6+ gxf6 31. exf6 Qb4 32. Be2 Ng6 33. Qe3 c2 34. Kh2 Rc3
35. Qd2 Rxb3 36. Qxb4 Rxb4 37. h5 Nf8 38. g4 Rb1 39. gxf5 Rxc1 40. Bd3 Rh1+ 0-1